<?xml version="1.0" encoding="UTF-8"?>
<record
    xmlns:xsi="http://www.w3.org/2001/XMLSchema-instance"
    xsi:schemaLocation="http://www.loc.gov/MARC21/slim http://www.loc.gov/standards/marcxml/schema/MARC21slim.xsd"
    xmlns="http://www.loc.gov/MARC21/slim">

  <leader>00802nam a22001937a 4500</leader>
  <controlfield tag="005">20260219100534.0</controlfield>
  <controlfield tag="008">260219b        |||||||| |||| 00| 0 eng d</controlfield>
  <datafield tag="020" ind1=" " ind2=" ">
    <subfield code="a">9789393875280</subfield>
  </datafield>
  <datafield tag="040" ind1=" " ind2=" ">
    <subfield code="c">VITAP</subfield>
  </datafield>
  <datafield tag="082" ind1=" " ind2=" ">
    <subfield code="2">23</subfield>
    <subfield code="a">796.356 SEN</subfield>
  </datafield>
  <datafield tag="100" ind1=" " ind2=" ">
    <subfield code="a">Sengupta, Ayon Ed.</subfield>
    <subfield code="9">17136</subfield>
  </datafield>
  <datafield tag="245" ind1=" " ind2=" ">
    <subfield code="a">FIH Odisha Hockey Men's World Cup 2023</subfield>
    <subfield code="b">: The 15th Chapter of The FIH World Cup Saw a Grand Celebration of The Sport in Odisha, Which Became The First to Host Back-to- Back Editions</subfield>
    <subfield code="c">/ Ayon Sengupta Ed.</subfield>
  </datafield>
  <datafield tag="260" ind1=" " ind2=" ">
    <subfield code="a">Chennai</subfield>
    <subfield code="b">THG Publishing Pvt Ltd.</subfield>
    <subfield code="c">2024</subfield>
  </datafield>
  <datafield tag="300" ind1=" " ind2=" ">
    <subfield code="a">252p, ill.: 30cm*30cm</subfield>
  </datafield>
  <datafield tag="650" ind1=" " ind2="0">
    <subfield code="a">History of the Hockey World Cup, About the Host, Tournament Format, Teams &amp; Squads, Match Highlights etc.</subfield>
    <subfield code="9">17137</subfield>
  </datafield>
  <datafield tag="700" ind1=" " ind2=" ">
    <subfield code="a">Narayanan, R Ed.</subfield>
    <subfield code="9">17138</subfield>
  </datafield>
  <datafield tag="700" ind1=" " ind2=" ">
    <subfield code="a">Prasad, G</subfield>
    <subfield code="9">17139</subfield>
  </datafield>
  <datafield tag="942" ind1=" " ind2=" ">
    <subfield code="2">ddc</subfield>
    <subfield code="c">REF</subfield>
  </datafield>
  <datafield tag="999" ind1=" " ind2=" ">
    <subfield code="c">47300</subfield>
    <subfield code="d">47300</subfield>
  </datafield>
  <datafield tag="952" ind1=" " ind2=" ">
    <subfield code="0">0</subfield>
    <subfield code="1">0</subfield>
    <subfield code="2">ddc</subfield>
    <subfield code="3">Hard Bound</subfield>
    <subfield code="4">0</subfield>
    <subfield code="7">1</subfield>
    <subfield code="8">REF</subfield>
    <subfield code="a">VSB</subfield>
    <subfield code="b">VITAP</subfield>
    <subfield code="c">REF</subfield>
    <subfield code="d">2026-01-12</subfield>
    <subfield code="e">The Hindu Group of Publications</subfield>
    <subfield code="g">2999.00</subfield>
    <subfield code="i">9001173329</subfield>
    <subfield code="l">0</subfield>
    <subfield code="o">796.356 SEN</subfield>
    <subfield code="p">025508</subfield>
    <subfield code="r">2026-02-19 10:04:48</subfield>
    <subfield code="v">2999.00</subfield>
    <subfield code="w">2026-01-12</subfield>
    <subfield code="y">REF</subfield>
    <subfield code="z">GEN</subfield>
  </datafield>
</record>
